Lanean...
Adhyathma Ramayanam
| Egile nagusia: | |
|---|---|
| Formatua: | Printed Book |
| Hizkuntza: | Malayalam |
| Argitaratua: |
Kozhikode
Mathrubhumi
2005
|
| LEADER | 00423nam a2200109Ia 4500 | ||
|---|---|---|---|
| 008 | 111205s9999 xx 000 0 mal d | ||
| 100 | |a Ezhuthachan | ||
| 245 | |a Adhyathma Ramayanam |c Ezhuthachan | ||
| 260 | |b Mathrubhumi |a Kozhikode |c 2005 | ||
| 942 | |c BK | ||
| 999 | |c 227108 |d 227108 | ||
| 952 | |0 0 |1 0 |2 ddc |4 0 |6 851_411000000000000_ADH |7 0 |9 250723 |a MAL |b MAL |c ST1 |d 2011-12-05 |g 0.00 |l 4 |o 851.411 ADH |p MAL29465 |r 2020-01-27 |s 2020-01-17 |v 160.00 |w 2011-12-05 |y BK | ||